| 000 | 01234nab a22002417a 4500 | ||
|---|---|---|---|
| 999 |
_c6213 _d6213 |
||
| 003 | OSt | ||
| 005 | 20260125234414.0 | ||
| 008 | 190514b xxu||||| |||| 00| 0 spa d | ||
| 040 | _cPJ | ||
| 100 |
_96664 _aMoine, Pablo David |
||
| 245 | 1 | 3 |
_aAlimentos y socioafectividad : _buna aproximación a la obligación alimentaria a cargo del progenitor afín / _cPablo David Moine. |
| 300 | _ap. 62-66 | ||
| 500 | _aCita: TR LALEY AR/DOC/1515/2024. | ||
| 505 | _aSumario: I. Introducción.— II. Acerca de la controversia objeto del juicio.— III. La obligación alimentaria en el marco de las diversas realidades familiares.— IV. Una aproximación a la situación del progenitor afín en materia de alimentos.— V. Conclusiones. | ||
| 505 | _tFallo comentado: CFamilia 2a Nom., Córdoba ~ 14/08/2023 ~ C., Y. A. c. V., D. E. s/ cuerpo de apelación. | ||
| 650 | 0 |
_9967 _aDERECHO DE FAMILIA |
|
| 650 | 0 |
_9968 _aALIMENTOS |
|
| 650 | 0 |
_94103 _aPROGENITOR AFIN |
|
| 650 | 0 |
_91134 _aVIOLENCIA FAMILIAR |
|
| 650 | 0 |
_91057 _aJURISPRUDENCIA APLICABLE |
|
| 773 | 0 |
_02844 _93222 _dBuenos Aires : AbeledoPerrot, 1989- _tDerecho de familia. Revista Interdisciplinaria de doctrina y jurisprudencia. Agosto 2024-IV. _z18511201 |
|
| 942 |
_2udc _cANA |
||